| 000 | 00914nas a2200301 4500 | ||
|---|---|---|---|
| 001 | BR2011008230 | ||
| 003 | BR-BrBNA | ||
| 005 | 20231205115237.0 | ||
| 007 | ta | ||
| 008 | 230509b bl.|||p| |||| 00| 00por d | ||
| 040 |
_aBR-BrBNA _bpor _cBiblioteca Nacional de Agricultura |
||
| 041 | _a(En) | ||
| 072 | _aK50; U10 | ||
| 100 | 1 | _aLima, M.P. de | |
| 100 | 1 | _aCarvalho, L.M.T. de | |
| 100 | 1 | _aMartinhago, A.Z. | |
| 100 | 1 | _aOliveira, L.T. de | |
| 100 | 1 | _aCarvalho, S. de P.C. e | |
| 100 | 1 | _aDutra, G.C. | |
| 100 | 1 | _aOliveira, T.C. de A. | |
| 245 | 1 | _aMethodology for planning log stacking using geotechnology and operations research | |
| 650 | _aMADEIRA | ||
| 650 | _aPROGRAMAÇÃO LINEAR | ||
| 650 | _aMODELO MATEMÁTICO | ||
| 773 | 0 |
_tCerne (Brazil) _xISSN 0104-7760 _g(Jul-Sep 2011), v. 17(3) p. 309-319 _wBR2011008230 |
|
| 909 |
_a202311 _bLúcia _c55 _dLúcia Elande |
||
| 942 |
_2AGRIS _n0 _cANA |
||
| 999 |
_c212800 _d212800 |
||